Scrambled NHL Teams - Statistics

General Stats
  • This quiz has been taken 56 times
  • The average score is 10 of 15
Answer Stats
Hint Answer % Correct
Balkswhack Chicago Blackhawks
91%
Rapthens Florida Panthers
89%
Cansuck Vancouver Canucks
89%
Navaleach Colorado Avalanche
86%
Brassre Buffalo Sabres
77%
Veldis New Jersey Devils
73%
Gignthnil Tampa Bay Lightning
73%
Rubsin Boston Bruins
66%
Atlaspic Washington Capitals
61%
Cashierrun Carolina Hurricanes
59%
Acidsenna Montreal Canadiens
57%
Treasons Ottawa Senators
57%
Liesor Edmonton Oilers
55%
Drainless New York Islanders
52%
Teardrops Nashville Predators
48%
No matching quizzes found
Score Distribution
Percent of People with Each Score
Percentile by Number Answered
Your Score History
You have not taken this quiz